000 00677nam a2200253 i 4500
001 1260896
003 OSt
005 20240426164940.0
008 750408s1975 maua 001 0 eng
010 _a 74012894
020 _a0395186951
040 _aDLC
_cDLC
_dDLC
050 0 0 _aQC135
_b.H66
082 0 0 _a539 HOO 1975
100 1 _aHood, C. Gregory.
_98124
245 1 0 _aPhysics :
_ba modern perspective
260 _aBoston :
_bHoughton, Mifflin,
_c1975
300 _ax, 416 p. :
_bill. ;
_c25 cm.
500 _aIncludes index.
650 0 _aKinematics.
_98125
650 0 _aPhysics
_9809
906 _a7
_bcbc
_corignew
_d2
_eocip
_f19
_gy-gencatlg
942 _2ddc
_cSLOAN
999 _c3651
_d3651